Հարկաբյուջետային քաղաքականությունը և ՀՀ կառուցվածքային բյուջեի գնահատականը / (Record no. 338725)
[ view plain ]
| 000 -LEADER | |
|---|---|
| fixed length control field | 01225nam a2200265 a 4500 |
| 001 - CONTROL NUMBER | |
| control field | 001033555 |
| 003 - CONTROL NUMBER IDENTIFIER | |
| control field | AM-YeHGA |
| 005 - DATE AND TIME OF LATEST TRANSACTION | |
| control field | 20250618074314.0 |
| 008 - FIXED-LENGTH DATA ELEMENTS--GENERAL INFORMATION | |
| fixed length control field | 140812s2014 ai r 000 0 arm d |
| 020 ## - INTERNATIONAL STANDARD BOOK NUMBER | |
| International Standard Book Number | 9789939610894 |
| 040 ## - CATALOGING SOURCE | |
| Original cataloging agency | AM-YeHGA |
| 041 0# - LANGUAGE CODE | |
| Language code of text/sound track or separate title | arm |
| 090 ## - LOCALLY ASSIGNED LC-TYPE CALL NUMBER (OCLC); LOCAL CALL NUMBER (RLIN) | |
| -- | 340505 |
| 100 1# - MAIN ENTRY--PERSONAL NAME | |
| Personal name | Մաթևոսյան, Աշոտ Վարազդատի |
| 245 10 - TITLE STATEMENT | |
| Title | Հարկաբյուջետային քաղաքականությունը և ՀՀ կառուցվածքային բյուջեի գնահատականը / |
| Statement of responsibility, etc. | Ա.Վ. Մաթևոսյան, Վ. Ջանվելյան, Շ. Ալեքսանյան ; Մասն. խմբ.՝ Վ Միրզոյան ; ՀՊՏՀ. |
| 260 ## - PUBLICATION, DISTRIBUTION, ETC. | |
| Place of publication, distribution, etc. | Երևան : |
| Name of publisher, distributor, etc. | Տնտեսագետ, |
| Date of publication, distribution, etc. | 2014. |
| 300 ## - PHYSICAL DESCRIPTION | |
| Extent | 56 էջ : |
| Other physical details | աղյս., գծանկ., ; |
| Dimensions | 24 սմ. |
| 440 #0 - SERIES STATEMENT/ADDED ENTRY--TITLE | |
| Title | "Ամբերդ" |
| Volume/sequential designation | 8 |
| 504 ## - BIBLIOGRAPHY, ETC. NOTE | |
| Bibliography, etc. note | Մատենագիտ. տողատ. ծանոթ |
| 650 14 - SUBJECT ADDED ENTRY--TOPICAL TERM | |
| Topical term or geographic name entry element | Բյուջե |
| Geographic subdivision | Հայաստանի Հանրապետություն |
| 700 1# - ADDED ENTRY--PERSONAL NAME | |
| Personal name | Ջանվելյան, Վահրամ Սամվելի |
| 700 1# - ADDED ENTRY--PERSONAL NAME | |
| Personal name | Ալեքսանյան, Շուշան |
| 700 1# - ADDED ENTRY--PERSONAL NAME | |
| Personal name | Հարությունյան, Վ.Լ., |
| Relator term | մասն. խմբ. |
| Relationship | edt. |
| 710 2# - ADDED ENTRY--CORPORATE NAME | |
| Corporate name or jurisdiction name as entry element | Հայաստանի պետական տնտեսագիտական համալսարան |
| 9 (RLIN) | 4131 |
| Withdrawn status | Lost status | Damaged status | Not for loan | Collection | Home library | Current library | Date acquired | Cost, normal purchase price | Shelving control number | Total checkouts | Full call number | Barcode | Date last seen | Price effective from | Koha item type | Public note |
|---|---|---|---|---|---|---|---|---|---|---|---|---|---|---|---|---|
| General | Fundamental Scientific Library | Fundamental Scientific Library | 09/01/2017 | 500.00 | AII/99928 | FL0313963 | 09/01/2017 | 09/01/2017 | Գրքեր / Books | 30 Days Loan |
ՀՀ Գիտությունների ազգային ակադեմիայի հիմնարար գիտական գրադարան = Fundamental Scientific Library of NAS RA
All site content, except where otherwise noted, is licensed under a